000 00471nam a22001817a 4500
003 NUST - PNEC
005 20170116181135.0
008 151007b xxu||||| |||| 00| 0 eng d
020 _a0074518224
040 _cLIBRARY
082 _a621.4 PAN
100 _914229
_aPandya, S. B
245 _aConventional energy technology : fuels and chemical energy
_cS. B Pandya,
250 _a-
260 _c1987
650 _914228
_aPower (Mechanics)
_xME
942 _2ddc
_cBK
999 _c70187
_d70187